MDQL
is popping MORE tags! Check the
thread
!
Quizzes
Events
Quiz Creation
Community
Videos
Private Events
Remove Ads
Sign In
Join for FREE
Feedback
Dark Mode
Quiz Categories
Sports
Geography
Music
Movies
Television
Just For Fun
Miscellaneous
History
Literature
Language
Science
Gaming
Entertainment
Religion
Holiday
For Kids
Quiz Lab
Recent
Popular Today
Quiz Kudos Today
Editor Picks
Curator Picks
Quizzes by...
Day
Popularity
Type
Ratings
Length
Year
Community
Subscriptions
Recent Discussions
Orange Saloon
Badges
Playlists
Quests
Create
Leaderboards
Showdown
Live 5
Trivia Bingo
Activity
Puzzle Library
Sporcle Events
Private Events
Virtual Trivia
Globe League
Become a Host
Pub Owners
SporcleCon
Opinionation
Our Games
Videos
Blog
Mobile Apps
Partnerships
Remove Ads and Go Orange
Feedback
Music
Pop Music
The Beatles
Song
Album
Lyrics
Bands
Singers
Artist
Clip
Rock
Rap
Classical
Billboard
Country Music
Kpop
Taylor Swift
Music
Pop Music
The Beatles
Song
Album
Lyrics
Bands
Singers
Artist
Clip
Rock
Rap
Classical
Billboard
Country Music
Kpop
Taylor Swift
Random Quiz
Search Sporcle
×
Quiz Lab
Quiz Lab
Music
Song
Type in answers that appear in a list
Type in answers that appear in a list
Classic
Best Score? Go Orange.
Underoath Songs Stats
Can you name the Underoath Songs?
By
SolidImpact
15m
65 Questions
88 Plays
88 Plays
88 Plays
Comments
Comments
Give Quiz Kudos
Give Quiz Kudos
-
- Ratings
hide this ad
Replay
Link that replays current quiz
Next Quiz
Link to next quiz in quiz playlist
You Got
0%
They Got
Avg Score
31%
Avg Friend Score
Upgrade to see
Score Distribution
Jump to the score distribution portion of the page
Score
0/65
Timer
15:00
0
Plays Today
% Correct
A Boy Brushed Red Living in Black and White
70.5%
Writing on the Walls
70.5%
In Regards to Myself
60.2%
Reinventing Your Exit
59.1%
It's Dangerous Business Walking out Your Front Door
58%
The Blue Note
54.5%
Down, Set, Go
51.1%
When the Sun Sleeps
50%
Young and Aspiring
50%
Desperate Times, Desperate Measures
46.6%
Desolate Earth : The End Is Here
46.6%
Emergency Broadcast : The End Is Near
44.3%
Paper Lung
44.3%
Act of Depression
43.2%
Some Will Seek Forgiveness, Others Escape
43.2%
A Moment Suspended in Time
43.2%
To Whom It May Concern
43.2%
Too Bright to See, Too Loud to Hear
43.2%
You're Ever So Inviting
42%
Cries of the Past
40.9%
Breathing In A New Mentality
39.8%
In Division
39.8%
Moving for the Sake of Motion
38.6%
I'm Content with Losing
37.5%
A Fault Line, A Fault of Mine
36.4%
The Impact of Reason
35.2%
Sālmarnir
35.2%
Anyone Can Dig A Hole But It Takes A Real Man To Call It Home
35.2%
The Changing of Times
34.1%
Who Will Guard the Guardians?
31.8%
Everyone Looks So Good from Here
29.5%
Illuminator
29.5%
In Completion
29.5%
% Correct
Casting Such a Thin Shadow
28.4%
The Only Survivor Was Miraculously Unharmed
28.4%
The Created Void
28.4%
I Don't Feel Very Receptive Today
27.3%
Catch Myself Catching Myself
27.3%
Driftwood
26.1%
Returning Empty Handed
25%
Angel Below
22.7%
Coming Down Is Calming Down
22.7%
Vacant Mouth
22.7%
Alone in December
20.5%
We Are The Involuntary
20.5%
My Deteriorating Incline
20.5%
A Message for Adrienne
19.3%
Reversal
19.3%
There Could Be Nothing After This
18.2%
814 Stops Today
17%
Heart of Stone
17%
A Divine Eradication
17%
Letting Go of Tonight
15.9%
Never Meant to Break Your Heart
14.8%
The Best of Me
13.6%
A Love So Pure
13.6%
The Last
13.6%
Watch Me Die
12.5%
Giving Up Hurts the Most
11.4%
Innocence Stolen
10.2%
Burden in Your Hands
10.2%
Walking Away
10.2%
Short of Daybreak
9.1%
Spirit of a Living God
9.1%
And I Dreamt of You
9.1%
Quiz Playlist
Details
Report
Send in Message
Add To Playlist
Classic:
Type in answers that appear in a list
Last Updated: Feb 16, 2017
Quiz Scoreboard
CHALLENGE
Sign Up to Join the Scoreboard
Show All
Scores
Hide
Comments
May contain spoilers
Recently Published
5x2 Blitz: Bands
by SL_Kpop136
Music
30s
Colored Red Africa Blitz
by spor1
Geography
30s
Find the 'City' Movie
by crazypaving
Movies
60s
More to Explore
Quiz From the Vault
Featured Blog Post
14 Easter Pick-up Lines to Find Eggs With
hide this ad
You Might Also Like...
Tags
Song Quiz
Today's Top Quizzes in Music
Browse Music
hide this ad
Today's Top Quizzes in Song
Browse Song
Top Contributed Quizzes in Music
1
5X2 Blitz: Bands II
2
Taylor Swift All Songs (2024)
3
Taylor Swift Logic Puzzle II
4
5X2 Blitz: The Beatles
5
5X2 Blitz: Billboard
6
Taylor Swift Logic Puzzle
7
5X2 Blitz: Billboard II
8
5X2 Blitz: Album
9
5X2 Blitz: Singers
10
Music Artist by Three 2010s hits
Explore More
Trending Topics
Kpop
Harry Potter
Marvel
Disney
Crossword
NBA
Anime
Pokémon
Country
Puzzle
WWE
NFL
Soccer
Song
The Office
hide this ad
More By:
SolidImpact
Quiz
Plays
Rating
Category
Featured
Created
Gaslight Anthem songs
742
5.00
Music
Jun 14, 2010
NOFX songs
672
4.17
Music
Jan 27, 2010
Kid Icarus: Uprising Weapon Categories
530
4.75
Gaming
Mar 31, 2012
Kid Icarus: Uprising Chapters
331
5.00
Gaming
Mar 31, 2012
Reel Big Fish
329
5.00
Music
Apr 28, 2010
Go to Creator's Profile
Score Distribution
Quiz Creator Spotlight
SolidImpact
Follow
Send a Message
Quizzes Created
-
Created Quiz Play Count
-
More By This Creator
Popular Quizzes Today
1
Colored Red Africa Blitz
2
Find the 'City' Movie
3
Find the US States - No Outlines Minefield
4
5x2 Blitz: Bands
5
The Countries of the World
6
Find the US States
7
US States
8
9x9 Crossword: Cartoon Network
More Music Quizzes
Music Videos - Geared For War
Quiz Lab
Trending Quizzes
Colored Red Europe Blitz I
Colored Red Europe Blitz II
Colored Red Africa Blitz II
Colored Red Europe Blitz III
Colored Red Africa Blitz III
Recently Updated
How Do You Spell That?
pecheneg
Godzilla Movies
pecheneg
Grab Bag: 4-10 Letters
pecheneg
2024 March Madness Bracket
pecheneg
Famous TV Couples
Peacemaker
Champions League XIs: Real Madrid
pecheneg
Largest US Cities 1790-2010
pecheneg
Rides in Walt Disney World
pecheneg
Most Oscar Losses (Acting)
pecheneg
Beyoncé Albums
pecheneg
Trending Topics
Harry Potter
Marvel
NBA
Kpop
Anime
Crossword
Disney
NFL
Pokémon
Puzzle
Country
WWE
Soccer
The Office
Song
Your Account Isn't Verified!
In order to create a playlist on Sporcle, you need to verify the email address you used during registration. Go to your
Sporcle Settings
to finish the process.
Report this User
Report this user for behavior that violates our
Community Guidelines
.
Details:
Send Report
Go to the Sporcle.com Mobile Site →
Comments